000 00866nam a2200241 4500
001 132946
003 ES-MaACL
005 20260119110227.0
007 t|
008 070214s1910 sp r ||||1| spa d
080 _a342.734
100 1 _aRoyo Villanova, Antonio,
_d1869-1958
_9100235
245 1 0 _aCuestiones obreras /
_cAntonio Royo Villanova ; con un prólogo de Gumersindo de Azcárate.
260 _aValladolid :
_b[s. n.],
_c1910 (
_fImp. Castellana)
300 _aIX, 247 p. ;
_c22 x 15 cm.
530 _aDisponible también en sitio web.
650 4 _aTrabajadores-
_xDerechos.
_9151031
700 1 _aAzcárate, Gumersindo de,
_d1840-1917
_924243
852 _aES-MaACL
_jF-9410
_cSPP2
856 4 _uhttp://bnedigital.bne.es/bd/es/card?id=6928da9a-7325-4427-b992-325a3dff6f3d
_y(Ir a la página)
942 _2udc
999 _c132946
_d132946